[Event "9th Parsvnath Open"]
[Site "New Delhi IND"]
[Date "2011.01.08"]
[Round "2.35"]
[White "Das,Say"]
[Black "Praveen Kumar,C1"]
[Result "1-0"]
[WhiteElo "2278"]
[BlackElo "2362"]

1.e4 e6 2.d4 d5 3.Nc3 Bb4 4.e5 b6 5.Qg4 Bf8 6.Bg5 Qd7 7.f4 Ba6 8.Nge2 Nc6
9.O-O-O Nge7 10.Qh3 O-O-O 11.g4 h6 12.f5 exf5 13.gxf5 hxg5 14.Qxh8 Nxf5 15.Bh3 Kb7
16.Qh7 g6 17.Ng3 Bb4 18.Nxf5 gxf5 19.Bxf5 Qe7 20.Qh3 g4 21.Qxg4 Bxc3 22.bxc3 Na5
23.Bd3 Bxd3 24.cxd3 Qa3+ 25.Kb1 Qxc3 26.Qe2 Qxd4 27.h4 Nc6 28.Qb2 Qg4 29.Rc1 d4
30.Qc2 Qe6 31.Rhf1 Qd7 32.Qg2 Qd5 33.Qxd5 Rxd5 34.h5 Nxe5 35.Rf5 f6 36.h6 Rd7
37.Rh1  1-0

[Event "9th Parsvnath Open"]
[Site "New Delhi IND"]
[Date "2011.01.10"]
[Round "5"]
[White "Areshchenko,A"]
[Black "Vinoth Kumar,M"]
[Result "1-0"]
[WhiteElo "2671"]
[BlackElo "2231"]

1.e4 e6 2.d4 d5 3.Nc3 Bb4 4.e5 b6 5.a3 Bf8 6.Bb5+ c6 7.Ba4 Ne7 8.Nf3 Nf5
9.Ne2 b5 10.Bb3 c5 11.c3 Nc6 12.h4 h5 13.Bc2 g6 14.Bg5 Qb6 15.O-O cxd4 16.cxd4 b4
17.Bf6 Rg8 18.Ba4 Bd7 19.axb4 Bxb4 20.Qc2 Rc8 21.Rfc1 Be7 22.Qd2 Rc7 23.Rc2 Kd8
24.Rac1 Kc8 25.Bxe7 Nfxe7 26.b4 a6 27.Rc5 Rb7 28.b5 axb5 29.Bxb5 Kb8 30.Qf4 Nb4
31.Rb1 Na6 32.Bxa6 Qxb1+ 33.Rc1 Qf5 34.Qd2 Rb3 35.Ng3 Qb1 36.Rxb1 Rxb1+ 37.Kh2 Rd8
38.Ne2 Nc6 39.Nc3 Rb6 40.Bb5 Na5 41.Bxd7 Nc4 42.Qh6 Rxd7 43.Qf8+ Ka7 44.Na4 Rb8
45.Qc5+ Kb7 46.Qb4+ Ka7 47.Qc3 Rdb7 48.Nd2 Rb4 49.Nxc4  1-0

[Event "B2 Masters"]
[Site "Marianske Lazne CZE"]
[Date "2011.01.15"]
[Round "1"]
[White "Oparin,G"]
[Black "Porat,Ma"]
[Result "1/2-1/2"]
[WhiteElo "2328"]
[BlackElo "2246"]

1.e4 e6 2.d4 d5 3.Nc3 Bb4 4.e5 Ne7 5.a3 Bxc3+ 6.bxc3 b6 7.Nf3 Qd7 8.a4 Ba6
9.Bxa6 Nxa6 10.Qd3 Nb8 11.O-O Nbc6 12.c4 Na5 13.cxd5 exd5 14.Bg5 Qf5 15.Qb5+ c6
16.Qb4 Qe6 17.Nh4 h6 18.Bxe7 Qxe7 19.Qxe7+ Kxe7 20.Nf5+ Kf8 21.Rae1 Nc4 22.e6 Re8
23.e7+ Kg8 24.Re2 g6 25.Ng3 Nd6 26.f4 Nc8 27.Rfe1 f5 28.Re6 Kf7 29.Rxc6 Rxe7
30.Re5 Rd7 31.Nf1 Ne7 32.Rc3 Rhd8 33.Ne3 Rd6 34.Rc7 R6d7 35.Rxd7 Rxd7 36.c3 a5
37.Kf2 Rc7 38.Ke2 Rc6 39.Kd3 Rd6 40.g3 Rd8 41.h3 h5 42.h4  1/2-1/2

[Event "Marienbad Open"]
[Site "Marianske Lazne CZE"]
[Date "2011.01.18"]
[Round "4"]
[White "Sharapov,E"]
[Black "Vorobyov,Y"]
[Result "1-0"]
[WhiteElo "2468"]
[BlackElo "2203"]

1.e4 e6 2.d4 d5 3.Nc3 Bb4 4.e5 b6 5.Qg4 Bf8 6.Nf3 Qd7 7.h4 h5 8.Qg3 Ne7 9.Bg5 Nf5
10.Qf4 Ba6 11.Bxa6 Nxa6 12.O-O Qc6 13.a3 Nb8 14.Rac1 Bxa3 15.Nd1 Bf8 16.Ne3 Ne7
17.c4 Ng6 18.Qg3 Qd7 19.cxd5 exd5 20.e6 fxe6 21.Rxc7 Qd6 22.Rc8+ Kf7 23.Ne5+  1-0

[Event "Marienbad Open"]
[Site "Marianske Lazne CZE"]
[Date "2011.01.21"]
[Round "8"]
[White "Dvirnyy,D"]
[Black "Yakimenko,Alex"]
[Result "1-0"]
[WhiteElo "2480"]
[BlackElo "2207"]

1.e4 e6 2.d4 d5 3.Nc3 Bb4 4.e5 b6 5.Qg4 Bf8 6.Bg5 Qd7 7.f4 h6 8.Bh4 h5 9.Qf3 Ne7
10.Bb5 c6 11.Bxe7 Bxe7 12.Bd3 g6 13.Nge2 Ba6 14.O-O-O Bxd3 15.Qxd3 Qb7 16.g3 Nd7
17.h3 O-O-O 18.g4 b5 19.Rdf1 b4 20.Na4 Qb5 21.b3 hxg4 22.hxg4 Qxd3 23.cxd3 f6
24.Kd2 Kc7 25.Ke3 Rdf8 26.exf6 Nxf6 27.g5 Nh5 28.Nc5 Kd6 29.Nb7+ Kd7 30.Nc5+ Kd6
31.Rfg1 Rh7 32.Ng3 Rfh8 33.Nxh5 Rxh5 34.Rxh5 Rxh5 35.Re1 Kc7 36.Nxe6+ Kd7
37.Nc5+ Bxc5 38.dxc5 Rh3+ 39.Kd4 Rf3 40.Ke5 Rxd3 41.f5 gxf5 42.Kf6 f4 43.g6 Rg3
44.Kf7 f3 45.Rf1 d4 46.g7 a5 47.g8=Q Rxg8 48.Kxg8 Ke6 49.Rxf3 Kd5 50.Kf7 Kxc5
51.Ke6  1-0

[Event "3rd Chennai Open"]
[Site "Chennai IND"]
[Date "2011.01.24"]
[Round "9"]
[White "Debashis,D"]
[Black "Krishna,CRG"]
[Result "1-0"]
[WhiteElo "2406"]
[BlackElo "2296"]

1.e4 e6 2.d4 d5 3.Nc3 Bb4 4.e5 Qd7 5.a3 Bxc3+ 6.bxc3 b6 7.h4 Ba6 8.Bxa6 Nxa6
9.h5 c5 10.Qg4 f5 11.Qg3 Rc8 12.h6 g6 13.Nh3 cxd4 14.cxd4 Rxc2 15.O-O Ne7
16.Bg5 O-O 17.Nf4 Kf7 18.Rad1 Rfc8 19.Rd3 Nc7 20.Qh4 Ne8 21.Rg3 R2c3 22.Nh3 R3c7
23.Bf6 Nc6 24.Rd1 Kg8 25.Nf4 Qf7 26.Bg5 Kf8 27.Rdd3 Na5 28.Bf6 Rc1+ 29.Kh2 R8c7
30.Bg7+ Nxg7 31.Rxg6 Qe7 32.hxg7+ Kg8 33.Qxh7+  1-0

[Event "TCh-CAT Div Hon"]
[Site "Barcelona ESP"]
[Date "2011.01.29"]
[Round "1"]
[White "Jerez Perez,A"]
[Black "Moskalenko,V1"]
[Result "0-1"]
[WhiteElo "2420"]
[BlackElo "2564"]

1.e4 e6 2.d4 d5 3.Nc3 Bb4 4.e5 Ne7 5.Bd2 b6 6.Nb5 Bxd2+ 7.Qxd2 a6 8.Na3 c5
9.c3 Nbc6 10.f4 cxd4 11.cxd4 b5 12.Nf3 Qa5 13.Bd3 Bd7 14.Qxa5 Nxa5 15.b3 Nac6
16.Kd2 Nb4 17.Rhc1 Nxd3 18.Kxd3 b4 19.Nc2 Rb8 20.Nce1 h6 21.h3 Nf5 22.g4 Bb5+
23.Kd2 Ng3 24.Ke3 h5 25.g5 Nf5+ 26.Kf2 Kd7 27.Nc2 Bd3 28.Ne3 Ne7 29.Rc5 Rhc8
30.Rac1 Rxc5 31.dxc5 Nc6 32.Nc2 Bxc2 33.Rxc2 a5 34.Ke3 g6 35.Kd2 a4 36.Kc1 axb3
37.axb3 Ra8 38.Kb2 Ra5 39.Rc1 Kc7 40.Rc2 Kb7 41.Rc1 Ka6 42.Rc2 Kb5 43.Rc1 Ra7
44.Rc2 Rd7 45.Rc1 Rd8 46.Kb1 d4 47.Nd2 d3 48.Ne4 d2 49.Rd1 Rd4 50.Nxd2 Na5
51.Kc2 Rxf4 52.Re1 Kxc5 53.Kd3 Nc6 54.Ne4+ Kb6 55.Nd6 Rf3+ 56.Ke4 Rxb3 57.Nxf7 Rxh3
58.Nd6 Rg3 59.Nc4+ Kc5 60.Ne3 Rxg5 61.Rc1+ Kb5  0-1

[Event "Belgrade Individual 2011"]
[Site "Belgrade SRB"]
[Date "2011.01.29"]
[Round "8.12"]
[White "Blesic,V"]
[Black "Skare,G"]
[Result "1/2-1/2"]
[WhiteElo "2412"]
[BlackElo "2279"]

1.e4 e6 2.d4 d5 3.Nc3 Bb4 4.e5 Ne7 5.a3 Bxc3+ 6.bxc3 c5 7.a4 Qc7 8.Nf3 b6
9.a5 Ba6 10.axb6 axb6 11.c4 Qb7 12.Rb1 cxd4 13.Qxd4 Nbc6 14.Qxb6 Qxb6 15.Rxb6 Bxc4
16.Bxc4 dxc4 17.O-O O-O 18.Bg5  1/2-1/2

[Event "Oceania Zonal"]
[Site "Rotorua NZL"]
[Date "2011.01.31"]
[Round "9.9"]
[White "Morris,J"]
[Black "Pinic,Noel"]
[Result "1-0"]
[WhiteElo "2270"]
[BlackElo "2058"]

1.e4 e6 2.d4 d5 3.Nc3 Bb4 4.e5 Qd7 5.a3 Bf8 6.f4 c5 7.Nf3 Nc6 8.Be3 c4 9.b3 cxb3
10.cxb3 Nh6 11.Bd3 Nf5 12.Bf2 h5 13.O-O g6 14.b4 Be7 15.g3 Kf8 16.h3 Qd8
17.Ne2 Bd7 18.g4 hxg4 19.hxg4 Nh4 20.Ng3 Nxf3+ 21.Qxf3 Bh4 22.Kg2 Bxg3 23.Qxg3 Qb6
24.Rh1 Ke7 25.f5 gxf5 26.gxf5 Rag8 27.f6+ Kd8 28.Rxh8 Rxh8 29.Qg7 Rh5 30.b5 Nxe5
31.Qf8+ Kc7 32.Rc1+ Nc6 33.Bg3+ e5 34.dxe5 Rg5 35.Qd6+ Kd8 36.e6 Rxg3+ 37.Qxg3 Qd4
38.e7+ Nxe7 39.Qc7+ Ke8 40.Qb8+  1-0

[Event "Moscow Open E"]
[Site "Moscow RUS"]
[Date "2011.02.03"]
[Round "6"]
[White "Yu Yangyi"]
[Black "Kotsur,P"]
[Result "1/2-1/2"]
[WhiteElo "2607"]
[BlackElo "2559"]

1.e4 e6 2.d4 d5 3.Nc3 Bb4 4.e5 Ne7 5.a3 Bxc3+ 6.bxc3 c5 7.h4 Qc7 8.h5 h6
9.Bd2 Nbc6 10.Qg4 Nf5 11.Nf3 cxd4 12.cxd4 Ncxd4 13.Nxd4 Qxe5+ 14.Be3 Nxe3
15.Bb5+ Kf8 16.fxe3 Qxe3+ 17.Ne2 e5 18.Bd7 Ke7 19.Rh3 Qg5 20.Bxc8 Rhxc8 21.Qxg5+ hxg5
22.O-O-O Rc5 23.h6 gxh6 24.Rxh6 Rac8 25.Ng3 R8c6 26.Nf5+ Kd7 27.Rd2 Rxh6
28.Nxh6 Ke6 29.Rf2 f6 30.g4 Rc4 31.Kd2 Rd4+ 32.Ke2 a5 33.Rf3 Rc4 34.Kd2 b5
35.Rb3 b4 36.axb4 axb4 37.c3 bxc3+ 38.Rxc3 Rd4+ 39.Ke2 Re4+ 40.Kd2 Rd4+ 41.Ke2 Re4+
42.Kd2  1/2-1/2

[Event "ch-TUR"]
[Site "Kemer-Antalya TUR"]
[Date "2011.02.06"]
[Round "2"]
[White "Deviren,E"]
[Black "Sipahioglu,I"]
[Result "0-1"]
[WhiteElo "1857"]
[BlackElo "2100"]

1.e4 e6 2.d4 d5 3.Nc3 Bb4 4.e5 Ne7 5.a3 Bxc3+ 6.bxc3 b6 7.Bd3 Ba6 8.Qg4 Bxd3
9.cxd3 Ng6 10.Bg5 Qd7 11.a4 Nc6 12.Ne2 h6 13.Be3 h5 14.Qg5 Qe7 15.Rc1 O-O-O
16.O-O Rd7 17.c4 Qxg5 18.Bxg5 dxc4 19.Rxc4 Kb7 20.Rfc1 Na5 21.R4c3 Rc8 22.f3 Rd5
23.Be3 Rd7 24.Bg5 Rd5 25.Be3 f6 26.f4 Ne7 27.Bf2 Rd7 28.g3 Nd5 29.Ra3 Nc6
30.Rc4 Rg8 31.Ra1 g5 32.Kf1 Rf7 33.Ke1 Na5 34.Rc2 Nb4 35.Rc3 Nd5 36.Rc2 gxf4
37.Nxf4 Nxf4 38.gxf4 Rg2 39.h4 fxe5 40.fxe5 Nc6 41.Re2 Nb4 42.Rd1 Nd5 43.Rdd2 Rf3
44.Kf1 Rg4 45.Re4 Rgg3 46.Ke1 Rh3 47.Rc2 Nb4 48.Rd2 Nxd3+ 49.Kf1 Rh2 50.Ree2 Nf4
51.Kg1 Rg2+ 52.Kf1 Rh3 53.Bg1 Rxe2  0-1

[Event "1st Open"]
[Site "Cento ITA"]
[Date "2011.02.08"]
[Round "4"]
[White "Malloni,M"]
[Black "Naumkin,I"]
[Result "0-1"]
[WhiteElo "2285"]
[BlackElo "2499"]

1.e4 e6 2.d4 d5 3.Nc3 Bb4 4.e5 Ne7 5.a3 Bxc3+ 6.bxc3 b6 7.Nf3 h6 8.a4 Ba6
9.Bxa6 Nxa6 10.Qd3 Nb8 11.c4 dxc4 12.Qxc4 O-O 13.O-O Re8 14.Ba3 Nd5 15.Rfd1 Qd7
16.Qb3 Nc6 17.c4 Na5 18.Qc2 Nf4 19.Bb4 Nc6 20.Bc3 Rad8 21.Qe4 Ng6 22.h4 a5
23.h5 Nge7 24.Nh4 Nb4 25.Qg4 Qc6 26.Qe2 Rd7 27.Bb2 Qb7 28.Ra3 Nf5 29.Nxf5 exf5
30.d5 c6 31.Qf3 cxd5 32.Qxf5 Re6 33.Rg3 Qc6 34.Qg4 g6 35.hxg6 Rxg6 36.e6 Rxg4
37.Rxg4+ Kf8 38.exd7 Qxd7 39.Rgd4 Qxa4 40.cxd5 Qb3 41.Bc1 Ke8 42.Bxh6 Kd7
43.Bf8 Nc2 44.R4d2 a4 45.Rc1 Ne3 46.d6 Nd5 47.Rcd1 Nf4  0-1

[Event "1st Open"]
[Site "Cento ITA"]
[Date "2011.02.11"]
[Round "7"]
[White "Zoldan,M"]
[Black "Drasko,M"]
[Result "0-1"]
[WhiteElo "2195"]
[BlackElo "2486"]

1.e4 e6 2.d4 d5 3.Nc3 Bb4 4.e5 Ne7 5.a3 Bxc3+ 6.bxc3 c5 7.Qg4 O-O 8.Bd3 f5
9.exf6 Rxf6 10.Bg5 Rf7 11.Qh5 g6 12.Qd1 Nbc6 13.Nf3 Qf8 14.O-O c4 15.Be2 h6
16.Bc1 Kh7 17.a4 Bd7 18.Rb1 b6 19.a5 bxa5 20.Ba3 Rd8 21.Re1 Bc8 22.Bc5 Qg7
23.Bf1 Nf5 24.Qc1 Nd6 25.Bxd6 Rxd6 26.Ne5 Nxe5 27.Rxe5 Qf8 28.Re2 Ra6 29.Ra1 a4
30.Qa3 Qxa3 31.Rxa3 Rb7 32.f4 Rb1 33.Kf2 Bd7 34.g3 Kg7 35.Bh3 Kf6 36.Ke3 Rab6
37.Kd2 Rh1 38.Bg4 Rbb1 39.Bf3 Rhd1+ 40.Ke3 Ra1 41.Rxa1 Rxa1 42.Kd2 a3  0-1

[Event "TCh-CAT Div Hon"]
[Site "Barcelona ESP"]
[Date "2011.02.12"]
[Round "3"]
[White "Asis Gargatagli,H"]
[Black "Pozo Vera,S"]
[Result "1-0"]
[WhiteElo "2420"]
[BlackElo "2461"]

1.e4 e6 2.d4 d5 3.Nc3 Bb4 4.e5 Ne7 5.a3 Bxc3+ 6.bxc3 c5 7.h4 Nd7 8.Qg4 O-O
9.Nf3 f5 10.Qh5 Nb8 11.Rh3 Qe8 12.Qg5 Kh8 13.h5 h6 14.Qf4 b6 15.dxc5 bxc5
16.Rg3 Qxh5 17.Rh3 Qg6 18.Qh2 Ng8 19.Rg3 Qf7 20.Ng5 Qg6 21.Ne4 Qf7 22.Nd6 Qc7
23.Rb1 Nc6 24.Rh3 Nd8 25.c4 Nf7 26.Rbb3 Ba6 27.cxd5 Bxf1 28.Kxf1 Nxd6 29.exd6 Qf7
30.Qe5 exd5 31.Bxh6 Nxh6 32.Rxh6+ Kg8 33.Re6 Qh5 34.Qxd5 Qh1+ 35.Ke2 Qh5+
36.Ke1  1-0

[Event "Rector Cup 2011"]
[Site "Kharkov UKR"]
[Date "2011.02.22"]
[Round "9"]
[White "Kovchan,A"]
[Black "Firman,N"]
[Result "1-0"]
[WhiteElo "2561"]
[BlackElo "2551"]

1.e4 e6 2.d4 d5 3.Nc3 Bb4 4.e5 Ne7 5.a3 Bxc3+ 6.bxc3 c5 7.Qg4 Qc7 8.Qxg7 Rg8
9.Qxh7 cxd4 10.Ne2 dxc3 11.f4 Nbc6 12.Qd3 d4 13.Nxd4 Nxd4 14.Qxd4 Bd7 15.Rg1 Rd8
16.g4 Qa5 17.Rg3 Bc6 18.Qc4 Rd5 19.Rb1 Qd8 20.Be2 Rh8 21.h3 Rd4 22.Qxc3 Ra4
23.Qc5 b6 24.Qd6 Qxd6 25.exd6 Nd5 26.c4 Nf6 27.Bb2 Ne4 28.Re3 Rh4 29.Rd1 Kd7
30.f5 exf5 31.gxf5 Rh6 32.f6 Kd8 33.d7 Rh8 34.Rd4 Nc5 35.Bg4 b5 36.Rd6 Rxc4
37.Rxc6 Nd3+ 38.Rxd3 Rxc6 39.Bc3  1-0

[Event "TCh-SUI 2011"]
[Site "Switzerland SUI"]
[Date "2011.02.27"]
[Round "1.2"]
[White "Edouard,R"]
[Black "Moor,O"]
[Result "1-0"]
[WhiteElo "2634"]
[BlackElo "2411"]

1.e4 e6 2.d4 d5 3.Nc3 Bb4 4.e5 Ne7 5.a3 Bxc3+ 6.bxc3 b6 7.Qg4 Kf8 8.h4 Qd7
9.h5 h6 10.a4 Ba6 11.Bxa6 Nxa6 12.Ne2 c5 13.O-O Rg8 14.a5 Ke8 15.axb6 axb6
16.c4 f5 17.exf6 gxf6 18.Qf3 Kf7 19.dxc5 bxc5 20.Ng3 Nb4 21.Rxa8 Rxa8 22.Bxh6 Rh8
23.Bg5 Nf5 24.Nxf5 exf5 25.Be3 d4 26.Bd2 Nc6 27.h6 Ne5 28.Qh5+ Ng6 29.Rb1 Re8
30.Rb3  1-0

[Event "27th Open"]
[Site "Cappelle la Grande FRA"]
[Date "2011.03.02"]
[Round "6.45"]
[White "Schoene,Mar"]
[Black "Naumkin,I"]
[Result "0-1"]
[WhiteElo "2200"]
[BlackElo "2499"]

1.e4 e6 2.d4 d5 3.Nc3 Bb4 4.e5 Ne7 5.a3 Bxc3+ 6.bxc3 b6 7.Qg4 Ng6 8.h4 h5
9.Qd1 Ba6 10.Bxa6 Nxa6 11.Qd3 Nb8 12.Bg5 Qd7 13.Ne2 Nc6 14.O-O Na5 15.f4 Ne7
16.Bxe7 Qxe7 17.f5 O-O-O 18.Qh3 Nc4 19.a4 Kb7 20.Rf4 Rh6 21.fxe6 fxe6 22.Qf3 Rd7
23.Ng3 Qe8 24.Qf2 Rh8 25.Nf1 g5 26.hxg5 Rg8 27.Nh2 Rxg5 28.Nf3 Rg4 29.Nh4 Rdg7
30.Rxg4 Rxg4 31.g3 Qe7 32.Kh2 a5 33.Ng2 Qg5 34.Rd1 Qh6 35.Kh1 h4 36.Nxh4 Ne3
37.Qf6 Qh7 38.Rg1 Nf5 39.Kh2 Nxh4 40.gxh4 Qxc2+  0-1

[Event "ch-NCA 2011"]
[Site "Managua NCA"]
[Date "2011.03.06"]
[Round "2.6"]
[White "Madrigal,M"]
[Black "Velasquez,Ro"]
[Result "1-0"]
[WhiteElo "2055"]
[BlackElo "2035"]

1.e4 e6 2.d4 d5 3.Nc3 Bb4 4.e5 Qd7 5.Qg4 f5 6.Qh5+ g6 7.Qf3 b6 8.a3 Bxc3+
9.bxc3 Ba6 10.Bxa6 Nxa6 11.h4 h6 12.Ne2 Ne7 13.Nf4 O-O-O 14.a4 Nb8 15.a5 b5
16.Ba3 Rhg8 17.a6 Rde8 18.Bc5 Qc6 19.Bxa7 Nxa6 20.O-O g5 21.Nd3 Qb7 22.Ra2 c5
23.Rfa1 c4 24.Nc5 Nxc5 25.Bxc5 Kd8 26.Ra7 Qc6 27.R1a6  1-0

[Event "TCh-NED"]
[Site "Netherlands NED"]
[Date "2011.03.12"]
[Round "7.7"]
[White "Michielsen,J"]
[Black "Miedema,R"]
[Result "1/2-1/2"]
[WhiteElo "2386"]
[BlackElo "2392"]

1.e4 e6 2.d4 d5 3.Nc3 Bb4 4.e5 Ne7 5.a3 Bxc3+ 6.bxc3 c5 7.Qg4 O-O 8.Bd3 Nbc6
9.Bg5 Qa5 10.Ne2 Ng6 11.O-O Qa4 12.f4 c4 13.Bxg6 fxg6 14.Ra2 Qa5 15.h4 Qc7
16.h5 gxh5 17.Qxh5 Qf7 18.Qh3 h6 19.Bh4 Qf5 20.g4 Qe4 21.Qf3 Qxf3 22.Rxf3 b5
23.Kf2 Bd7 24.Ke3 a5 25.Be1 Ne7 26.Ng3 Kh7 27.Bd2 Rf7 28.Ra1 Raf8 29.Ke2 Nc6
30.Ke3 Ne7 31.Rh1 Ng6 32.Nh5 Ne7 33.Ke2 Rb8 34.Rfh3 Be8 35.f5 exf5 36.g5 Ng8
37.gxh6 g6 38.Nf4 Re7 39.Nxd5 Bc6 40.Nxe7 Nxe7 41.Re1 Nd5 42.Bg5 Nc7 43.d5 Nxd5
44.Kf2 Re8 45.e6 Nc7 46.e7 Be4 47.Rxe4 fxe4 48.Rh4 Ne6 49.Bf6 Nc5 50.Ke3 Nd7
51.Bg5 Nc5 52.Rf4 Ne6 53.Rf7+ Kg8 54.Rf6 Rxe7 55.Rxg6+ Kh7 56.Bxe7 Kxg6 57.Kxe4 Kxh6
58.Ke5 Nc7 59.Kd6 b4 60.cxb4 Nb5+ 61.Kc5 axb4 62.axb4 Na3 63.b5 Nxc2 64.b6 c3
65.b7 Nb4 66.Kxb4 c2 67.b8=Q c1=Q 68.Qh8+ Kg6 69.Qf6+ Kh7 70.Qf5+ Kg7 71.Bf6+ Kh6
72.Bg5+  1/2-1/2

[Event "ch-Moscow S/F 2011"]
[Site "Moscow RUS"]
[Date "2011.03.13"]
[Round "1"]
[White "Shubin,Ge"]
[Black "Mesropov,K"]
[Result "0-1"]
[WhiteElo "2041"]
[BlackElo "2434"]

1.e4 e6 2.d4 d5 3.Nc3 Bb4 4.e5 Ne7 5.Nf3 h6 6.a3 Bxc3+ 7.bxc3 b6 8.a4 O-O
9.Bd3 Ba6 10.a5 Bxd3 11.Qxd3 Nbc6 12.axb6 axb6 13.Ba3 Ra4 14.O-O Qd7 15.Bb2 Rfa8
16.Nd2 Rxa1 17.Rxa1 Rxa1+ 18.Bxa1 Na5 19.Nb3 Qa4 20.Qd1 Qa2 21.Nxa5 bxa5
22.Qc1 Nc8 23.Qb2 Qxb2 24.Bxb2 Nb6 25.Kf1 Nc4 26.Ba1 h5 27.Ke2 Kf8 28.Kd1 Ke8
29.Kc1 Kd7 30.Bb2 Kc6 31.Kb1 Nxb2 32.Kxb2 Kb5 33.f4 Kc4 34.g3 g6 35.h3 c5
36.dxc5 Kxc5 37.Kb3 a4+ 38.Kxa4 Kc4 39.Ka5 Kxc3 40.Kb5 Kxc2 41.Kc5 Kc3 42.Kd6 d4
43.Ke7 d3 44.Kxf7 d2 45.Kxe6 d1=Q 46.Kf6 Qd3 47.g4 Qxh3 48.f5 Qxg4 49.fxg6 Qf4+  0-1

[Event "ch-PriFO A"]
[Site "Tolyatti RUS"]
[Date "2011.03.13"]
[Round "4.21"]
[White "Sadykov,Ra"]
[Black "Derbenev,A"]
[Result "1-0"]
[WhiteElo "2209"]
[BlackElo "2373"]

1.e4 e6 2.d4 d5 3.Nc3 Bb4 4.e5 Ne7 5.Qg4 c5 6.a3 Bxc3+ 7.bxc3 Qc7 8.Qxg7 Rg8
9.Qxh7 cxd4 10.Ne2 Nbc6 11.f4 Bd7 12.Qd3 dxc3 13.Nxc3 a6 14.Rb1 Na5 15.h4 Nf5
16.Rh3 O-O-O 17.Ne2 d4 18.c4 Nxc4 19.Nxd4 Bc6 20.Qxc4 Rxd4 21.Qc2 Ng3 22.Qh7 Rdd8
23.Rxg3 Rxg3 24.Kf2 Rc3 25.Be3 Qd7 26.Re1 Rxa3 27.h5 Ra2+ 28.Kg1 Qd5 29.Qg7 Qa5
30.Rb1 Qa3 31.Bb6 Qf8 32.Qg4 Rdd2 33.Rd1 Rxd1 34.Qxd1 Qg8 35.g4 Rb2 36.Bf2 Qd8
37.Qxd8+ Kxd8 38.h6 Be4 39.f5 Rb1 40.h7 Bd3 41.h8=Q+ Kc7 42.Bb6+  1-0

[Event "ch-PriFO A"]
[Site "Tolyatti RUS"]
[Date "2011.03.16"]
[Round "7.14"]
[White "Pasiev,R"]
[Black "Borisenko,An"]
[Result "0-1"]
[WhiteElo "2304"]
[BlackElo "2386"]

1.e4 e6 2.d4 d5 3.Nc3 Bb4 4.e5 Ne7 5.a3 Bxc3+ 6.bxc3 b6 7.Qg4 Ng6 8.h4 h5
9.Qd1 Qd7 10.Bg5 Qc6 11.Qd2 Ba6 12.Bxa6 Nxa6 13.f4 Qc4 14.Ne2 Nf8 15.f5 exf5
16.O-O g6 17.Bf6 Rg8 18.Nf4 Kd7 19.Nd3 Ne6 20.Nb2 Qc6 21.c4 Kc8 22.cxd5 Qxd5
23.Rad1 c5 24.Qe2 Kb7 25.dxc5 Qxc5+ 26.Kh1 Rac8 27.Rd7+ Rc7 28.Rfd1 Rc8 29.Nc4 Kb8
30.Ne3 f4 31.Rxc7 Rxc7 32.Nd5 Rd7 33.Be7 f3 34.Qxf3 Rxe7 35.Nxe7 Qxe7 36.g3 Nac5
37.Rf1 Nd8 38.Qf4 Nce6 39.Qa4 Kb7 40.Qe4+ Nc6 41.Qd5 Nd8 42.Rd1 Kc7 43.Qf3 Nxe5
44.Qf4 Nc6 45.a4 Qb4 46.Kg2 Qxf4 47.gxf4 Ng4 48.Kf3 Nh6  0-1

[Event "ch-PriFO A"]
[Site "Tolyatti RUS"]
[Date "2011.03.17"]
[Round "8.19"]
[White "Kniazev,Al"]
[Black "Derbenev,A"]
[Result "1-0"]
[WhiteElo "2242"]
[BlackElo "2373"]

1.e4 e6 2.d4 d5 3.Nc3 Bb4 4.e5 Ne7 5.Bd2 c5 6.Nce2 Bxd2+ 7.Qxd2 cxd4 8.f4 Nbc6
9.Nf3 Qb6 10.O-O-O Bd7 11.Nexd4 Rc8 12.Kb1 O-O 13.Be2 Na5 14.g4 Nc4 15.Bxc4 dxc4
16.c3 Ba4 17.Rde1 Bc6 18.Rhf1 Rfd8 19.f5 exf5 20.Ng5 Be4+ 21.Nxe4 fxe4 22.Qg5 Nd5
23.Nf5 Qg6 24.Qxg6 hxg6 25.Nd6 Rc7 26.Rxe4 Nb6 27.Rff4 Re7 28.Nxc4 Nxc4 29.Rxc4 Rd2
30.h4 Rxe5 31.Rc8+ Kh7 32.a4 Re7 33.g5 b6 34.Rf8 Ree2 35.Rb4 Rf2 36.a5 Rd6
37.Ra8 Rf1+ 38.Ka2 Rf5 39.Re4 Rxa5+ 40.Kb3 Rb5+ 41.Ka4 Ra5+ 42.Kb4 Re6 43.Rd4 Ree5
44.Rdd8 Reb5+ 45.Kc4 Rc5+ 46.Kb3  1-0

[Event "ch-Moscow S/F 2011"]
[Site "Moscow RUS"]
[Date "2011.03.24"]
[Round "7"]
[White "Ageichenko,G"]
[Black "Yakimenko,Alex"]
[Result "1/2-1/2"]
[WhiteElo "2357"]
[BlackElo "2224"]

1.e4 e6 2.d4 d5 3.Nc3 Bb4 4.e5 b6 5.Qg4 Bf8 6.Nf3 Qd7 7.Bg5 h6 8.Bd2 Ne7
9.h4 h5 10.Qf4 Ba6 11.O-O-O Bxf1 12.Rdxf1 Nbc6 13.Nd1 Ng6 14.Qg3 O-O-O 15.Bc3 Be7
16.Ng5 Bxg5+ 17.Qxg5 Nce7 18.g4 f6 19.exf6 gxf6 20.Qxf6 Rdf8 21.Qg5 Nf4 22.Bb4 c5
23.dxc5 Nc6 24.Bd2 Rhg8 25.Qh6 Rh8 26.Qg5 Rhg8 27.Bxf4 Rxg5 28.Bxg5 bxc5
29.gxh5 Qh7 30.f4 Nb4 31.Rh2 Nxa2+ 32.Kb1 Nb4 33.Re1 d4 34.Rd2 Qd7 35.b3 Qc6
36.Nb2 Nd5 37.Nc4 Kb8 38.Kb2 Nc3 39.h6 Ka8 40.Ra1 Rb8 41.Rd3 Qg2 42.Rd2 Qe4
43.Bf6 Rg8 44.Bg7 Nd5 45.Rf1 Qg6 46.Ne5 Qf5 47.Nc4 Qg6 48.Rff2 Ne3 49.Ne5 Qf5
50.Rd3 Rb8 51.Ka2 Nd5 52.Kb2 Ne3 53.Re2 Nd5 54.Nc4 Nb4 55.Rg3 d3 56.cxd3 Nxd3+
57.Ka3 Nc1 58.Rb2 Nd3 59.Rd2 Nb4 60.Rg1 Nc2+ 61.Kb2 Nb4 62.Rgd1 Nd5 63.Be5 Rg8
64.Nd6 Qh7 65.f5 Ne3 66.Re1 Nxf5 67.Nxf5 Qxf5 68.Bc3 Qg6 69.Bg7 Rb8 70.Rc1 Qg3
71.Rc3 Qxh4 72.Rxc5 Qb4 73.Rc3 Qe4 74.Rh2 Qh7 75.Re3 Re8 76.Rd2 Qf5 77.Re5 Qf4
78.Ree2 Qf5 79.Rh2 Qg6 80.Rd7 Qh7 81.Rc2 Qe4 82.Rcc7 Qe2+ 83.Kb1 Qf1+ 84.Ka2 Qa6+
85.Kb2 Qe2+ 86.Rc2 Qe4 87.Rcd2 Rb8 88.R7d3 Rc8 89.Bc3 Qg6 90.Rh3 Qf5 91.Rdh2 Qh7
92.Rg3 Rc7 93.Be5 Rd7 94.Rc3 Qf5 95.Bg7 Qh7 96.Re2 Re7 97.Rd2 e5 98.Rc5 e4
99.Rb5 Qg8 100.Rbd5 Re8 101.R5d4 e3 102.Re2 Qh7 103.Rd7 Qf5 104.Rd1 Qg6 105.Rde1 Qd3
106.Rc2 e2 107.Bc3 Re3 108.h7 Qxh7 109.Rcxe2 Rxe2+ 110.Rxe2 Qd3 111.Rd2 Qf5
112.Rd4 Kb7 113.Rb4+ Kc6 114.Ra4 Kb7 115.Bd4 a6 116.Rb4+ Kc7 117.Ka3 Qa5+
118.Ra4 Qb5 119.Rc4+ Kd7 120.Rc5 Qd3 121.Bc3 Qf1 122.Kb4 Qf2 123.Rc4 Qb6+
124.Ka3 Qd6+ 125.Ka4 Qb6 126.Bd4 Qb5+ 127.Ka3 Qa5+ 128.Kb2  1/2-1/2

[Event "ch-VIE Men Places"]
[Site "Da Lat VIE"]
[Date "2011.03.29"]
[Round "2.2"]
[White "Nguyen Duc Hoa"]
[Black "Nguyen Van Hai"]
[Result "1/2-1/2"]
[WhiteElo "2466"]
[BlackElo "2264"]

1.e4 e6 2.d4 d5 3.Nc3 Bb4 4.e5 b6 5.Qg4 Bf8 6.Nge2 Qd7 7.Be3 Nc6 8.O-O-O Bb7
9.f4 O-O-O 10.Qf3 f6 11.g3 h5 12.f5 exf5 13.Bh3 Nge7 14.Rhf1 Kb8 15.Bxf5 Nxf5
16.Qxf5 Qxf5 17.Rxf5 Re8 18.Rdf1 Ne7 19.R5f2 fxe5 20.dxe5 Ng6 21.Nf4 Nxe5
22.Nfxd5 Ng4 23.Rf7 Nxe3 24.Nxe3 g6 25.Ned5 Bd6 26.Nf6 Re7 27.Nd7+ Kc8 28.Rxe7 Bxe7
29.Ne5 Bg5+ 30.Kb1 Rg8 31.Nb5 a6 32.Na7+ Kb8 33.Nac6+ Bxc6 34.Nxc6+ Kb7 35.Ne5 Be7
36.a3 Bd6 37.Nc4 Bc5 38.Rf6 Bg1 39.h3 Bh2 40.g4 hxg4 41.hxg4 g5 42.Nd2 Bf4
43.Nf3 Re8 44.Rf5 Be3 45.Nxg5 Rg8 46.Ne6 Rxg4 47.Rf7 Rc4 48.b3 Re4 49.Nxc7 Bd4
50.c4 Bc5 51.Nd5+ Kc6 52.Rf6+ Kb7 53.b4 Bg1 54.Rf1 Rg4 55.Kb2 Bd4+ 56.Kc2 Rg3
57.Rf4 Bg1 58.Rf7+ Kb8 59.a4 a5 60.c5 bxc5 61.bxa5 c4 62.a6 Rb3 63.a5 Rb5
64.Ne7 Ka7 65.Rg7 Bc5 66.Nd5+ Kxa6 67.Nc7+ Kxa5  1/2-1/2

[Event "Karposh Open"]
[Site "Skopje MKD"]
[Date "2011.04.04"]
[Round "4"]
[White "Stojcevski,Z"]
[Black "Vojinovic,G"]
[Result "0-1"]
[WhiteElo "2377"]
[BlackElo "2448"]

1.e4 e6 2.d4 d5 3.Nc3 Bb4 4.e5 b6 5.Bd2 Qd7 6.Nb5 Bf8 7.h4 Ba6 8.a4 c6 9.Na3 Bxf1
10.Kxf1 c5 11.c3 Nc6 12.Ne2 c4 13.h5 h6 14.Nc2 Na5 15.Ne3 Nb3 16.Ra2 Ne7
17.g4 Nc6 18.f4 Be7 19.Be1 O-O-O 20.Bh4 f6 21.Nc1 fxe5 22.fxe5 Bxh4 23.Rxh4 Rhf8+
24.Kg1 Qf7 25.Rh2 Qf4 26.Qe1 Ncxd4 27.Nxb3 Nxb3 28.Ra3 Qf3 29.Rg2 Rf4 30.a5 b5
31.a6 Rdf8 32.Rg3 Qe4 33.Rxb3 cxb3 34.Qe2 Qb1+ 35.Kg2 Rf2+ 36.Qxf2 Rxf2+
37.Kxf2 Qxb2+ 38.Kf3 Qc1  0-1

[Event "TCh-CAT Div Hon"]
[Site "Barcelona ESP"]
[Date "2011.04.09"]
[Round "11"]
[White "Guerrero Sanmarti,R"]
[Black "Rahal,M"]
[Result "1-0"]
[WhiteElo "2224"]
[BlackElo "2343"]

1.e4 e6 2.d4 d5 3.Nc3 Bb4 4.e5 Ne7 5.a3 Bxc3+ 6.bxc3 c5 7.Qg4 Qc7 8.Qxg7 Rg8
9.Qxh7 cxd4 10.Ne2 Nbc6 11.f4 Bd7 12.Qd3 dxc3 13.Rg1 O-O-O 14.g4 Rh8 15.h3 d4
16.Rb1 Ng6 17.Bg2 Be8 18.Qe4 Qa5 19.Kf2 Qc5 20.Rd1 Nh4 21.Bh1 Na5 22.Rxd4 Bc6
23.Be3 Qxa3 24.Rc4 Nxc4 25.Qxc4 Rd5 26.Nxc3 Ng6 27.Nxd5 exd5 28.Bxd5 Ne7
29.Bxc6 Nxc6 30.Qxf7 Nd8 31.Qc4+ Kb8 32.Bc5  1-0

[Event "Branko Vukmanovic Mem Open"]
[Site "Tivat MNE"]
[Date "2011.04.16"]
[Round "1.8"]
[White "Draskovic,L"]
[Black "Drasko,M"]
[Result "1/2-1/2"]
[WhiteElo "2129"]
[BlackElo "2485"]

1.e4 e6 2.d4 d5 3.Nc3 Bb4 4.e5 Ne7 5.a3 Bxc3+ 6.bxc3 c5 7.Qg4 O-O 8.Bd3 f5
9.exf6 Rxf6 10.Bg5 Rf7 11.Qh5 g6 12.Qd1 Nbc6 13.Nf3 Qf8 14.O-O c4 15.Be2 h6
16.Bc1 Kh7 17.Qd2 Bd7 18.Re1 Rd8 19.Bf1 Qg7 20.Qe2 Nf5 21.g3 Nd6 22.Bg2 Ne4
23.Qe3 b5 24.Re2 Rdf8 25.Bd2 e5 26.Nxe5 Nxe5 27.dxe5 Bg4 28.e6 Bxe6 29.f3 Nxd2
30.Qxd2 Bf5 31.Rae1 g5 32.Re5  1/2-1/2